200 Most Popular Boys Names in the US (2018) - Statistics

General Stats
  • This quiz has been taken 998 times
  • The average score is 87 of 200
Answer Stats
Answer % Correct
3 W William
93%
27 J John
92%
1 L Liam
92%
28 J Jack
91%
4 J James
90%
14 M Michael
88%
5 O Oliver
87%
6 B Benjamin
85%
15 D Daniel
84%
2 N Noah
84%
153 A Alex
83%
22 D David
82%
89 J Jose
82%
20 M Matthew
82%
21 S Samuel
79%
58 E Eli
78%
12 E Ethan
78%
13 J Jacob
78%
106 L Luca
78%
49 T Thomas
78%
43 A Andrew
77%
16 H Henry
77%
17 J Jackson
77%
39 J Jaxon
77%
76 J Jaxson
77%
29 L Luke
77%
42 C Christopher
76%
11 A Alexander
75%
52 C Charles
75%
23 J Joseph
75%
48 N Nathan
74%
71 R Robert
74%
127 G George
73%
8 L Lucas
73%
7 E Elijah
72%
78 A Adam
69%
63 J Jonathan
69%
41 J Joshua
69%
46 R Ryan
69%
169 E Edward
68%
198 S Steven
68%
38 A Anthony
67%
50 L Leo
67%
74 N Nicholas
67%
192 N Nicolas
67%
34 I Isaac
66%
9 M Mason
66%
88 X Xavier
66%
109 Z Zachary
66%
100 J Jason
65%
60 A Aaron
64%
25 O Owen
64%
86 E Evan
63%
141 J Justin
63%
10 L Logan
62%
126 L Luis
61%
188 R Richard
61%
19 A Aiden
60%
104 A Ayden
60%
31 D Dylan
58%
30 J Jayden
58%
82 J Jordan
58%
119 T Tyler
57%
160 E Eric
56%
79 I Ian
56%
125 K Kevin
56%
165 T Timothy
56%
124 B Brandon
55%
55 C Christian
55%
172 A Alan
54%
116 N Nathaniel
53%
136 M Max
52%
57 C Connor
51%
44 T Theodore
50%
36 J Julian
49%
177 V Victor
49%
69 C Cameron
48%
24 C Carter
48%
176 K Karter
48%
35 G Gabriel
47%
65 J Jeremiah
47%
107 V Vincent
47%
45 C Caleb
45%
162 E Elliot
45%
168 E Elliott
45%
139 J Juan
45%
115 H Harrison
44%
145 J Jonah
44%
18 S Sebastian
44%
51 I Isaiah
43%
133 I Ivan
43%
189 P Patrick
43%
26 W Wyatt
43%
138 K Kaiden
41%
97 K Kayden
41%
32 G Grayson
40%
77 G Greyson
40%
92 L Leonardo
40%
80 A Austin
39%
137 C Carlos
39%
56 H Hunter
39%
33 L Levi
38%
164 A Abraham
37%
148 J Jesus
37%
61 L Landon
37%
158 B Blake
36%
118 C Cole
36%
108 D Damian
36%
185 J Jesse
36%
171 X Xander
36%
180 H Hayden
35%
53 J Josiah
35%
62 A Adrian
34%
84 B Brayden
34%
83 C Cooper
34%
67 E Elias
34%
157 J Jude
34%
187 J Joel
33%
98 M Miles
33%
195 M Myles
33%
96 P Parker
33%
70 C Carson
32%
111 G Gavin
32%
105 W Wesley
32%
200 Z Zane
32%
47 A Asher
31%
112 C Chase
31%
64 N Nolan
31%
128 A Ashton
30%
113 K Kai
30%
37 M Mateo
30%
196 M Matteo
30%
135 M Maxwell
30%
163 A Antonio
29%
59 E Ezra
29%
182 G Grant
29%
68 C Colton
28%
173 D Dean
28%
75 D Dominic
28%
40 L Lincoln
28%
191 A Avery
26%
179 M Miguel
26%
146 A Abel
25%
181 G Graham
25%
123 T Tristan
25%
94 A Axel
24%
156 B Brody
24%
114 E Emmett
24%
166 F Finn
24%
154 J Jasper
24%
178 M Milo
24%
72 A Angel
23%
143 C Calvin
23%
95 E Everett
23%
54 H Hudson
23%
90 J Jace
23%
147 J Jayce
23%
85 R Roman
23%
87 E Ezekiel
22%
91 J Jameson
22%
103 M Micah
22%
110 S Silas
22%
102 W Weston
22%
175 B Bryce
21%
129 R Rowan
21%
120 B Bennett
20%
134 D Diego
19%
121 B Bentley
18%
152 C Camden
18%
101 D Declan
18%
66 E Easton
18%
131 R Ryder
18%
73 M Maverick
17%
99 S Sawyer
16%
184 T Tucker
16%
170 A August
15%
130 B Braxton
15%
197 R River
15%
151 B Beau
14%
140 M Maddox
14%
93 B Bryson
13%
159 E Emmanuel
13%
150 K King
13%
161 B Brooks
12%
122 R Ryker
12%
186 Z Zayden
12%
183 Z Zion
12%
144 G Giovanni
11%
81 S Santiago
11%
174 L Lorenzo
10%
155 M Malachi
10%
132 G Gael
9%
117 K Kingston
9%
142 W Waylon
9%
149 A Amir
8%
193 B Brantley
8%
194 D Dawson
8%
167 R Rhett
7%
199 T Thiago
7%
190 E Emiliano
4%
No matching quizzes found
Score Distribution
Percent of People with Each Score
Percentile by Number Answered
Your Score History
You have not taken this quiz